LEADER 01527nam 2200373Ia 450 001 996383984203316 005 20221108094321.0 035 $a(CKB)1000000000580964 035 $a(EEBO)2240908286 035 $a(OCoLC)9920462300971 035 $a(EXLCZ)991000000000580964 100 $a19950918d1591 uy | 101 0 $aeng 135 $aurbn||||a|bb| 200 10$aBy the Queene$b[electronic resource] $ea proclamation to be published in Cornewall, Deuonshire, Dorcetshire and Hampshire, for restitution of goods lately taken on the seas from the subiects of the king of Spayne by way of reprisall 210 $aImprinted at London $cBy the deputies of Christopher Barker, Printer to the Queenes most excellent Maiestie$d[1591] 215 $a1 sheet ([1] p.) 300 $a"Giuen at our Palace of Westminster the nine and twentieth day of December, in the foure and thirtieth yeere of our Raigne. 1591." 300 $aLine 1 of text ends "set". 300 $aReproduction of original in: Society of Antiquaries. 330 $aeebo-0147 606 $aPrivateering$zEngland 607 $aSpain$xForeign relations$zGreat Britain 607 $aGreat Britain$xHistory$yElizabeth, 1558-1603 608 $aBroadsides$zLondon (England)$y16th century.$2rbgenr 615 0$aPrivateering 701 $aElizabeth$cQueen of England,$f1533-1603.$0996842 801 0$bEBK 801 1$bEBK 801 2$bWaOLN 906 $aBOOK 912 $a996383984203316 996 $aBy the Queene$92299089 997 $aUNISA